| 000 -LEADER |
| fixed length control field |
01400 a2200301 4500 |
| 003 - CONTROL NUMBER IDENTIFIER |
| control field |
Nust |
| 005 - DATE AND TIME OF LATEST TRANSACTION |
| control field |
20170207153914.0 |
| 010 ## - LIBRARY OF CONGRESS CONTROL NUMBER |
| LC control number |
99026345 |
| 020 ## - INTERNATIONAL STANDARD BOOK NUMBER |
| International Standard Book Number |
1558605703 |
| 040 ## - CATALOGING SOURCE |
| Transcribing agency |
Nust |
| 082 00 - DEWEY DECIMAL CLASSIFICATION NUMBER |
| Classification number |
651.50285 |
| 100 1# - MAIN ENTRY--PERSONAL NAME |
| Personal name |
Witten, I. H. |
| 245 10 - TITLE STATEMENT |
| Title |
Managing gigabytes : |
| Remainder of title |
compressing and indexing documents and images / |
| Statement of responsibility, etc. |
Ian H. Witten, Alistair Moffat, Timothy C. Bell. |
| 250 ## - EDITION STATEMENT |
| Edition statement |
2nd ed. |
| 260 ## - PUBLICATION, DISTRIBUTION, ETC. |
| Place of publication, distribution, etc. |
San Francisco, Calif. : |
| Name of publisher, distributor, etc. |
Morgan Kaufmann Publishers, |
| Date of publication, distribution, etc. |
1999. |
| 300 ## - PHYSICAL DESCRIPTION |
| Extent |
xxxi, 519 p. : |
| Other physical details |
ill. ; |
| Dimensions |
24 cm. |
| 440 #4 - SERIES STATEMENT/ADDED ENTRY--TITLE |
| Title |
The Morgan Kaufmann series in multimedia information and systems |
| 505 ## - FORMATTED CONTENTS NOTE |
| Formatted contents note |
Overview (Page-1), Text Compression (Page-21), Indexing (Page-103), Querying (Page-153), Index Construction (Page-223), Image Compression (Page-263), Textual Images (Page-311), Mixed Text and Images (Page-355), Implementation (Page-389), The Information Explosion (Page-431), |
| 538 ## - SYSTEM DETAILS NOTE |
| System details note |
Almirah No.46 Shelf No.5 |
| 650 #0 - SUBJECT ADDED ENTRY--TOPICAL TERM |
| Topical term or geographic name entry element |
Data compression (Telecommunication) |
| 650 #0 - SUBJECT ADDED ENTRY--TOPICAL TERM |
| Topical term or geographic name entry element |
Document imaging systems. |
| 650 #0 - SUBJECT ADDED ENTRY--TOPICAL TERM |
| Topical term or geographic name entry element |
Telecommunication engineering |
| 650 #0 - SUBJECT ADDED ENTRY--TOPICAL TERM |
| Topical term or geographic name entry element |
Text processing (Computer science) |
| 700 1# - ADDED ENTRY--PERSONAL NAME |
| Personal name |
Bell, Timothy C. |
| 700 1# - ADDED ENTRY--PERSONAL NAME |
| Personal name |
Moffat, Alistair. |
| 856 41 - ELECTRONIC LOCATION AND ACCESS |
| Materials specified |
Publisher description |
| Uniform Resource Identifier |
<a href="http://www.loc.gov/catdir/description/els033/99026345.html">http://www.loc.gov/catdir/description/els033/99026345.html</a> |
| 856 41 - ELECTRONIC LOCATION AND ACCESS |
| Materials specified |
Table of contents |
| Uniform Resource Identifier |
<a href="http://www.loc.gov/catdir/toc/els033/99026345.html">http://www.loc.gov/catdir/toc/els033/99026345.html</a> |
| 942 ## - ADDED ENTRY ELEMENTS (KOHA) |
| Koha item type |
Reference |